House of Representatives practice / (Record no. 388)

MARC details
000 -LEADER
fixed length control field 01072cam a2200325 a 4500
001 - CONTROL NUMBER
control field 1395190
003 - CONTROL NUMBER IDENTIFIER
control field OSt
005 - DATE AND TIME OF LATEST TRANSACTION
control field 20230605124306.0
008 - FIXED-LENGTH DATA ELEMENTS--GENERAL INFORMATION
fixed length control field 821014s1981 at a b f001 0 eng
010 ## - LIBRARY OF CONGRESS CONTROL NUMBER
LC control number 82156734
020 ## - INTERNATIONAL STANDARD BOOK NUMBER
International Standard Book Number 0642048193
020 ## - INTERNATIONAL STANDARD BOOK NUMBER
International Standard Book Number 0642048207 (pbk.)
040 ## - CATALOGING SOURCE
Original cataloging agency DLC
Transcribing agency DLC
Modifying agency DLC
043 ## - GEOGRAPHIC AREA CODE
Geographic area code u-at---
050 00 - LIBRARY OF CONGRESS CALL NUMBER
Classification number KU2185
Item number .A98 1981
082 00 - DEWEY DECIMAL CLASSIFICATION NUMBER
Classification number 328.94/05
Edition number 19
110 1# - MAIN ENTRY--CORPORATE NAME
Corporate name or jurisdiction name as entry element Australia.
Subordinate unit Parliament.
-- House of Representatives.
245 10 - TITLE STATEMENT
Title House of Representatives practice /
Statement of responsibility, etc. editor, J.A. Pettifer ; assistant editors, A.R. Browning, J.K. Porter.
260 ## - PUBLICATION, DISTRIBUTION, ETC. (IMPRINT)
Place of publication, distribution, etc. Canberra :
Name of publisher, distributor, etc. Australian Govt. Pub. Service,
Date of publication, distribution, etc. 1981.
300 ## - PHYSICAL DESCRIPTION
Extent xxxvii, 966 p. :
Other physical details ill. ;
Dimensions 26 cm.
500 ## - GENERAL NOTE
General note Includes index.
504 ## - BIBLIOGRAPHY, ETC. NOTE
Bibliography, etc Bibliography: p. 891-942.
610 10 - SUBJECT ADDED ENTRY--CORPORATE NAME
Corporate name or jurisdiction name as entry element Australia.
Subordinate unit Parliament.
-- House of Representatives
Form subdivision Rules and practice.
700 1# - ADDED ENTRY--PERSONAL NAME
Personal name Pettifer, J. A.
Fuller form of name (John Athol)
700 1# - ADDED ENTRY--PERSONAL NAME
Personal name Browning, A. R.
Fuller form of name (Alan Robert)
700 1# - ADDED ENTRY--PERSONAL NAME
Personal name Porter, J. K.
906 ## - LOCAL DATA ELEMENT F, LDF (RLIN)
a 0
b cbc
c orignew
d 2
e ncip
f 19
g y-gencatlg
942 ## - ADDED ENTRY ELEMENTS (KOHA)
Source of classification or shelving scheme Dewey Decimal Classification
Koha item type Books
Holdings
Withdrawn status Lost status Source of classification or shelving scheme Damaged status Not for loan Home library Current library Date acquired Total Checkouts Full call number Barcode Date last seen Price effective from Koha item type Collection code Shelving location
    Dewey Decimal Classification     Bunge Tower Library Bunge Tower Library 06/05/2023   328.94 BRO 1000673 06/05/2023 06/05/2023 Books    
    Dewey Decimal Classification     Bunge Tower Library Bunge Tower Library 06/20/2023   328.94/05 10000199 06/20/2023 06/20/2023 Books Reference Reference
LIBRARY OPENING HOURS

When the Parliament is sitting: 8.00a.m - 7.00p.m or until the house adjourns
Mondays and Fridays and when the House is on Recess:  8.00a.m - 5.00p.m
Closed on Weekends and Public Holidays

Online Public Access Catalog (OPAC)
Website: http://www.parliament.go.ke
Bunge Library: https://libraryir.parliament.go.ke
Contact: library@parliament.go.ke | Tel no: (254-2)2221291 or 2848000 Ext 5043